| 000 | 00911nam a2200265 a 4500 | ||
|---|---|---|---|
| 001 | BRCA_5446 | ||
| 005 | 20190320205100.0 | ||
| 008 | 830624s1913 nyuac#####---#000-0#eng-# | ||
| 041 | _aeng | ||
| 044 | _anyu | ||
| 050 | 4 |
_aNE654.D8 _b.D87 1913 |
|
| 245 | 1 | 0 |
_aThe work of Dürer _breproduced in over four hundred illustrations _cwith a biographical introduction abridged from Dr. Valentin Scherer |
| 260 |
_aNueva York _bBrentano´s _c1913 |
||
| 300 |
_a16p., 383 p. de láminas _bil., láminas _c27 cm. |
||
| 440 | 0 |
_aClassics in art series _v4 _913909 |
|
| 500 | _aIncluye más de cuatrocientas ilustraciones e introducción biográfica | ||
| 500 | _aEdición con cabeza dorada | ||
| 500 | _aM31 | ||
| 600 | 1 | 4 |
_aDürer, Albrecht _d1471-1828 _913910 |
| 650 | 1 | 4 |
_aGrabadores alemanes _97216 |
| 650 | 1 | 4 |
_aPintores alemanes _9797 |
| 700 | 1 |
_aScherer, Valentin _913911 |
|
| 902 | _aGFM | ||
| 942 |
_2lcc _cB |
||
| 999 |
_c5140 _d5140 |
||